Derecho penal: parte general

Guardat en:
Dades bibliogràfiques
Autor principal: Estrada Vélez, Federico (Autor)
Format: Llibre
Idioma:espanyol
Publicat: Bogotá Temis 1986
Matèries:
Etiquetes: Afegir etiqueta
Sense etiquetes, Sigues el primer a etiquetar aquest registre!

MARC

LEADER 00000nam a2200000 a 4500
001 UCV2774
003 CL-VaPUC
008 921109e19860000CK |||||||||||||||||spa|d
082 0 4 |a 345  |b EST  |2 21 
100 0 |a Estrada Vélez, Federico  |e author  |9 297039 
245 1 0 |a Derecho penal: parte general 
300 |a 432 p 
942 |c BK 
945 |d 19921109 00:00:00 
260 |a Bogotá  |b Temis  |c 1986 
650 7 |a DERECHO PENAL  |2 CL-VaPUC  |9 11 
583 |a last modification  |c 19921109 00:00:00  |k Rodrigo Vera 
999 |c 210262  |d 210260 
952 |0 0  |1 0  |4 0  |6 345_000000000000000_EST_1986  |7 0  |8 A  |9 186366  |a BIBDER  |b BIBDER  |d 2019-11-14  |i 2538431  |o 345 EST 1986  |p 2538431  |r 2023-01-25  |w 2019-11-14  |y BK  |k DER